000 01179cam a22002655a 4500
001 L137435
002 16388
008 070405s2007 xxkd f 001 0 eng d
020 _a0566087758
035 _a(Sirsi) u137435
041 0 _aeng
050 0 4 _a658.2 $2 18
100 1 _aKor, Rudy
245 0 0 _a59 checklists for project management
260 _aAldershot
_bGower
_c2007
300 _axiii, 201p.
_c25cm.
350 _a29.50
505 2 _aYou have to choose the right approach -- Organising your project -- Organising all involved -- Leading your team -- Helping team members work together -- Managing your project -- Initiating/Starting your project -- Executing your project -- Managing your programme -- Starting and executing your project
520 _aDiscusses the different types of management approaches and the various situations and difficulties that may arise for project managers. Discusses how to establish ownership, choose methodology, organise key players, determine risk, manage change and develop support.
590 _aKA
651 4 _aUnited Kingdom
_y
690 _aMANAGEMENT-BUSINESS MANAGEMENT
700 1 _aWijnen, Gert
942 _n0
999 _c106779
_d106779